[Event "WYb16"]
[Site "Halkidiki GRE"]
[Date "2003.11.02"]
[Round "11"]
[White "Lin Chen"]
[Black "Braun,A"]
[Result "1-0"]
[WhiteElo "2125"]
[BlackElo "2440"]

1.e4 c5 2.Nf3 e6 3.d4 cxd4 4.Nxd4 Nc6 5.Nc3 Qc7 6.Be2 a6 7.O-O Nf6 8.Kh1 Be7
9.f4 d6 10.Be3 O-O 11.a4 Bd7 12.Nb3 Rac8 13.a5 Nb4 14.Bf3 e5 15.Rf2 h6 16.Rd2 exf4
17.Bxf4 Rfd8 18.Be3 Re8 19.Bb6 Qb8 20.e5 dxe5 21.Rxd7 Nxd7 22.Qxd7 Nxc2 23.Rf1 Nd4
24.Bd5 Kh8 25.Nxd4 exd4 26.Bxd4 Bf6 27.Bxf6 Qf4 28.Bxg7+ Kxg7 29.Qxf7+ Qxf7
30.Rxf7+ Kg6 31.h4 Rc5 32.Rxb7 Re1+ 33.Kh2 Rxa5 34.Rb6+ Kg7 35.Be4 Rc5 36.Rg6+ Kf7
37.Rxh6 Rxc3 38.bxc3 Rxe4 39.g3 a5 40.Ra6 a4 41.Kh3 Rc4 42.h5 Kg7 43.g4 Rxc3+
44.Kh4 Rc4 45.h6+ Kh7 46.Kh5 Rc5+ 47.g5 Rb5 48.Rxa4 Rc5 49.Rf4 Ra5 50.Rf7+ Kg8
51.Re7 Rb5 52.Kg6 Rb6+ 53.Kf5 Rb1 54.g6 Rf1+ 55.Ke6 Re1+ 56.Kd6 Rd1+ 57.Kc5 Rc1+
58.Kd4 Rd1+ 59.Kc3 Rd8 60.Rc7 Kh8 61.Kb4 Kg8 62.Kc5 Rf8 63.h7+  1-0

[Event "ch-UKR"]
[Site "Simferopol UKR"]
[Date "2003.11.05"]
[Round "2"]
[White "Yastreb,K"]
[Black "Kasanskij,G"]
[Result "1-0"]
[WhiteElo "2338"]
[BlackElo "2145"]

1.e4 c5 2.Nf3 e6 3.Nc3 Nc6 4.d4 cxd4 5.Nxd4 a6 6.Be3 Qc7 7.Bd3 Nf6 8.O-O b5
9.Kh1 Bb4 10.f4 Bxc3 11.bxc3 Ne7 12.a4 bxa4 13.Rxa4 Bb7 14.Nb3 Bc6 15.Rb4 Rb8
16.e5 Rxb4 17.cxb4 Nfd5 18.Bc5 O-O 19.c4 Nxf4 20.Rxf4 Qxe5 21.Rf1 Qg5 22.Qe2 Rd8
23.Qf2 f5 24.Nd4 Bb7 25.Nf3 Qf6 26.Qd4 d6 27.Bb6 Rd7 28.Qxf6 gxf6 29.Nd4 Nc8
30.Ba5 Kf7 31.Re1 Re7 32.b5 axb5 33.cxb5 Bd5 34.b6 Bb7 35.Bb5 f4 36.Kg1 f5
37.Rc1 Kf6 38.Bc6 e5 39.Bxb7 Rxb7 40.Rxc8 exd4 41.Rc7 Rb8 42.b7 d3 43.Kf1 d5
44.Ke1 Ke6 45.Bb4  1-0

[Event "ch-UKR"]
[Site "Simferopol UKR"]
[Date "2003.11.05"]
[Round "2"]
[White "Areshchenko,A"]
[Black "Dovzik,J"]
[Result "1-0"]
[WhiteElo "2539"]
[BlackElo "2394"]

1.e4 c5 2.Nf3 e6 3.d4 cxd4 4.Nxd4 Nc6 5.Nc3 Qc7 6.Be2 a6 7.O-O Nf6 8.Be3 Be7
9.f4 d6 10.Kh1 O-O 11.Qe1 Nxd4 12.Bxd4 b5 13.a3 Bb7 14.Qg3 Rad8 15.Rae1 Rd7
16.Bd3 Re8 17.Qh3 e5 18.Be3 Rdd8 19.fxe5 dxe5 20.Bg5 Rd6 21.Nd5 Nxd5 22.exd5 h6
23.Rxe5 Rxd5 24.Qf5 Rxd3 25.cxd3 Qc6 26.Re4 hxg5 27.Qxf7+ Kh7 28.Rfe1 Rd8
29.Qxe7 Rxd3 30.Qxg5 Qxe4 31.Qh5+ Kg8 32.Rxe4 Bxe4 33.Qe8+ Kh7  1-0

[Event "1st Chesspangenberg Open"]
[Site "Buenos Aires ARG"]
[Date "2003.11.08"]
[Round "5"]
[White "Juarez,CE"]
[Black "Bronstein,L"]
[Result "0-1"]
[WhiteElo "2146"]
[BlackElo "2331"]

1.e4 c5 2.Nf3 e6 3.d4 cxd4 4.Nxd4 Nc6 5.Nc3 Qc7 6.Be3 a6 7.Be2 Nf6 8.O-O Bb4
9.Na4 Be7 10.Nxc6 bxc6 11.Nb6 Rb8 12.Nxc8 Qxc8 13.Bd4 Qc7 14.e5 Nd5 15.b3 a5
16.Bd3 O-O 17.Qg4 f5 18.exf6 Bxf6 19.Qe4 Bxd4 20.Qxd4 Rf4 21.Qb2 Qa7 22.Rad1 Rbf8
23.c4 Ne3 24.Rde1 Nxf1 25.Rxf1 Qd4 26.Qe2 e5 27.g3 R4f6 28.Kg2 d5 29.f3 e4  0-1

[Event "ch-UKR"]
[Site "Simferopol UKR"]
[Date "2003.11.08"]
[Round "5"]
[White "Golubka,P"]
[Black "Arzumanian,G"]
[Result "0-1"]
[WhiteElo "2260"]
[BlackElo "2427"]

1.e4 c5 2.Nf3 Nc6 3.Nc3 e6 4.d4 cxd4 5.Nxd4 Qc7 6.Ndb5 Qb8 7.g3 a6 8.Nd4 d6
9.a4 Qc7 10.Bg2 Nf6 11.O-O Be7 12.Be3 O-O 13.Re1 Rb8 14.Qe2 Nd7 15.f4 Nxd4
16.Bxd4 b6 17.f5 Ne5 18.Bh3 Bf6 19.Red1 Re8 20.fxe6 fxe6 21.Bf1 Bb7 22.Qe3 Ng4
23.Qd2 Bxd4+ 24.Qxd4 Rbd8 25.Be2 Ne5 26.Rf1 Qc5 27.Rad1 Nc6 28.Qf2 Rf8 29.Qxc5 bxc5
30.Bc4 Nd4 31.b4 d5 32.Rxf8+ Kxf8 33.exd5 exd5 34.Bxd5 Bxd5 35.bxc5 Bc6  0-1

[Event "TCh-AUT B Mitte 2003-4"]
[Site "St Veit AUT"]
[Date "2003.11.08"]
[Round "1"]
[White "Mazi,L"]
[Black "Ribli,Z"]
[Result "0-1"]
[WhiteElo "2422"]
[BlackElo "2593"]

1.e4 c5 2.Nf3 e6 3.d4 cxd4 4.Nxd4 Nc6 5.Nc3 Qc7 6.Be3 a6 7.Qd2 Nf6 8.O-O-O Bb4
9.f3 Ne5 10.Nb3 b5 11.Bd4 Bb7 12.Kb1 Be7 13.Qg5 Ng6 14.Qg3 e5 15.Be3 O-O
16.Qf2 Rac8 17.h4 b4 18.Na4 Bxe4 19.Nac5 Bd5 20.Nxa6 Qc6 21.Nbc5 Bxc5 22.Bxc5 d6
23.Be3 Ra8 24.h5 Ne7 25.h6 Rxa6 26.Bxa6 Qxa6 27.b3 Ra8 28.a4 bxa3 29.hxg7 Be6
30.Bg5 Ned5 31.Qd2 Qa5 32.Bxf6 Qxd2 33.Rxd2 Nxf6 34.Rxd6 Kxg7 35.Re1 Ra5
36.Ka1 Nd7 37.Rc1 Ra7 38.Ka2 Kf6 39.c4 Ke7 40.Rc6 Ra8 41.Rh1 Nf6 42.Re1 Nd7
43.Rh1 Nf8 44.b4 Nd7 45.Re1 h5 46.Kb3 e4 47.b5 a2 48.Kb2 Ne5 49.Ra6 Nd3+  0-1

[Event "7th BayEM"]
[Site "Bad Wiessee GER"]
[Date "2003.11.09"]
[Round "2"]
[White "Luther,T"]
[Black "Kroencke,M"]
[Result "1-0"]
[WhiteElo "2580"]
[BlackElo "2180"]

1.e4 c5 2.Nf3 e6 3.d4 cxd4 4.Nxd4 Nc6 5.Nc3 Qc7 6.Be3 a6 7.Qd2 Nf6 8.O-O-O Bb4
9.f3 Ne5 10.Nb3 b5 11.Kb1 Nc4 12.Bxc4 Qxc4 13.Bd4 h6 14.Qf4 Be7 15.Na5 Qb4
16.Bb6 Bd8 17.Bxd8  1-0

[Event "TCh-CZE Extraliga 2003-4"]
[Site "Czech Rep CZE"]
[Date "2003.11.09"]
[Round "2"]
[White "Sluka,R"]
[Black "Banas,J"]
[Result "0-1"]
[WhiteElo "2371"]
[BlackElo "2369"]

1.e4 c5 2.Nf3 e6 3.d4 cxd4 4.Nxd4 Nc6 5.Nc3 a6 6.Be3 Qc7 7.a4 Nf6 8.g3 Bb4
9.Bg2 d5 10.Nxc6 bxc6 11.O-O O-O 12.exd5 cxd5 13.Qd4 Rb8 14.Bf4 Bd6 15.Bxd6 Qxd6
16.b3 e5 17.Qd3 d4 18.Rfe1 g6 19.Rad1 Bg4 20.Bf3 Bxf3 21.Qxf3 Rfc8 22.Ne4 Nxe4
23.Qxe4 Rc5 24.Re2 Qc7 25.Rdd2 a5 26.Qh4 Kg7 27.f4 exf4 28.Qxf4 Qxf4 29.gxf4 Rxc2
30.Rxc2 d3 31.Rc3 dxe2 32.Kf2 Re8 33.Ke1 Kf6 34.Rc5 Re3 35.Rxa5 Rxb3 36.Kxe2 Rb2+
37.Kf3 Rxh2 38.Ra6+ Kg7 39.a5 h5 40.Rb6 Ra2 41.a6 Ra3+ 42.Kg2 h4 43.Kh2 Kh6
44.Rf6 Kh5 45.f5 Ra2+ 46.Kg1 g5 47.Rxf7 Rxa6 48.Kf2 g4 49.f6 g3+ 50.Kf3 Kg6
51.Rg7+ Kxf6 52.Rg4 Ra3+ 53.Kg2 Ra2+ 54.Kg1 Rh2 55.Rg8 Kf5 56.Rg7 Kf4 57.Ra7 Rb2
58.Ra4+ Kf3 59.Ra3+ Kg4 60.Ra4+ Kh3 61.Ra1 Rg2+ 62.Kh1 Rf2 63.Kg1 Rf3 64.Ra2 Rb3
65.Ra1 Kg4 66.Ra4+ Kf3 67.Ra1 h3 68.Rc1 h2+ 69.Kh1 Kg4 70.Rc2 Rb1+  0-1

[Event "TCh-CZE Extraliga 2003-4"]
[Site "Czech Rep CZE"]
[Date "2003.11.09"]
[Round "2"]
[White "Kovalev,A"]
[Black "Macieja,B"]
[Result "1/2-1/2"]
[WhiteElo "2572"]
[BlackElo "2635"]

1.e4 c5 2.Nf3 e6 3.d4 cxd4 4.Nxd4 Nc6 5.Nc3 Qc7 6.Be2 a6 7.O-O Nf6 8.Be3 Bb4
9.Na4 O-O 10.Nxc6 bxc6 11.Nb6 Rb8 12.Nxc8  1/2-1/2

[Event "TCh-SWE 2003-4"]
[Site "Malmo SWE"]
[Date "2003.11.09"]
[Round "1"]
[White "Carlsson,P"]
[Black "Faldt,M"]
[Result "1-0"]
[WhiteElo "2360"]
[BlackElo "2267"]

1.e4 c5 2.Nf3 Nc6 3.Nc3 e6 4.d4 cxd4 5.Nxd4 Qc7 6.Be2 a6 7.O-O Nf6 8.Kh1 Nxd4
9.Qxd4 Bc5 10.Qd3 b5 11.Bg5 Bb7 12.f4 b4 13.e5 bxc3 14.exf6 cxb2 15.fxg7 bxa1=Q
16.Rxa1 Rg8 17.Qxh7 Rxg7 18.Qxg7 Be4 19.c4 Rb8 20.Bh5 d5 21.f5 Bf8 22.Qf6 Bxf5
23.cxd5 Qe7 24.Qe5 Qd6 25.dxe6 Bxe6 26.Qe3 Rb5 27.Re1 Be7 28.Bxe7 Kxe7 29.Bg4 f5
30.Bf3 f4 31.Qe4 Kf6 32.Qh7 Bf7 33.Qh8+ Kf5 34.Be4+ Kg5 35.Qg7+ Bg6 36.h4+ Kh5
37.Qh8+ Kg4 38.Qg8 Kh5 39.Bf3+ Kh6 40.Qh8+ Bh7 41.Be4 Qe7 42.Qxh7+ Qxh7 43.Bxh7 Kxh7
44.Rf1 Rb4 45.Kh2 Kg6 46.Rf3 Ra4 47.a3 Kh5 48.Rh3 Rc4 49.Rd3 Rc5 50.a4 Re5
51.Rc3 Rd5 52.g4+ fxg3+ 53.Kxg3 Ra5 54.Rc4 Rd5 55.Kf3 Rd1 56.Ke2 Rd5 57.Ke3 Rd1
58.Rd4 Ra1 59.Kd3 Ra3+ 60.Kc2 Rh3 61.Kb2 Rxh4 62.Rxh4+ Kxh4 63.Kc3 Kg5 64.Kb4 Kf6
65.Ka5 Ke7 66.Kxa6  1-0

[Event "ch-UKR"]
[Site "Simferopol UKR"]
[Date "2003.11.09"]
[Round "6"]
[White "Andreev,Ed"]
[Black "Dovzik,J"]
[Result "1/2-1/2"]
[WhiteElo "2473"]
[BlackElo "2394"]

1.e4 c5 2.Nf3 e6 3.d4 cxd4 4.Nxd4 Nc6 5.Nc3 Qc7 6.Be3 a6 7.Bd3 Nf6 8.O-O Nxd4
9.Bxd4 Bc5 10.Bxc5 Qxc5 11.Kh1 b5 12.Qe1 Bb7 13.f3 d6 14.a4 b4 15.Na2 a5
16.c3 bxc3 17.Bb5+ Bc6 18.Nxc3 O-O 19.Rc1 Bxb5 20.Nxb5 Qe5 21.Qg3 Qxb2 22.Nxd6 h6
23.Qf2 Qa3 24.e5 Nd5 25.Qd4  1/2-1/2

[Event "TCh-AUT B Mitte 2003-4"]
[Site "St Veit AUT"]
[Date "2003.11.09"]
[Round "2"]
[White "Testor,S"]
[Black "Loebler,H"]
[Result "1/2-1/2"]
[WhiteElo "2156"]
[BlackElo "2216"]

1.e4 c5 2.Nf3 e6 3.Nc3 Nc6 4.d4 cxd4 5.Nxd4 Nf6 6.Ndb5 d6 7.Bf4 e5 8.Bg5 a6
9.Na3 b5 10.Bxf6 gxf6 11.Nd5 f5 12.c3 Bg7 13.exf5 Bxf5 14.Nc2 O-O 15.Nce3 Be6
16.Bd3 f5 17.O-O Rb8 18.Bc2 Qd7 19.Qh5 Qf7 20.Qxf7+ Rxf7 21.Rfd1 a5 22.a3 Bh6  1/2-1/2

[Event "15th Open"]
[Site "Leuven BEL"]
[Date "2003.11.10"]
[Round "6"]
[White "Goloshchapov,A"]
[Black "Renette,H"]
[Result "1-0"]
[WhiteElo "2574"]
[BlackElo "2177"]

1.e4 c5 2.Nf3 e6 3.d4 cxd4 4.Nxd4 Nc6 5.Nc3 Qc7 6.Be3 a6 7.Qd2 Nf6 8.O-O-O Bb4
9.f3 Ne7 10.Nde2 d5 11.Bg5 dxe4 12.Bxf6 gxf6 13.Qd4 Bxc3 14.Nxc3 e5 15.Qxe4 O-O
16.Qh4 Bf5 17.Qxf6 Rad8 18.Be2 Bg6 19.h4 Nd5 20.Rxd5 Rxd5 21.h5 Rd6 22.Qg5 f6
23.Qg3 e4 24.Nxe4  1-0

[Event "1st GM"]
[Site "Nagykanizsa HUN"]
[Date "2003.11.14"]
[Round "10"]
[White "Sriram,J"]
[Black "Flumbort,A"]
[Result "0-1"]
[WhiteElo "2458"]
[BlackElo "2467"]

1.Nf3 c5 2.e4 Nc6 3.Nc3 e6 4.d4 cxd4 5.Nxd4 Qc7 6.Be3 a6 7.Qd2 Nf6 8.O-O-O Bb4
9.f3 Ne7 10.Nde2 d5 11.Bg5 dxe4 12.Bxf6 gxf6 13.Qh6 f5 14.fxe4 Qe5 15.Qh4 Bd6
16.g3 Ng6 17.Qg5 f4 18.Qg4 h5 19.Qf3 fxg3 20.hxg3 Bd7 21.Bg2 Rd8 22.Rhf1 Qg5+
23.Kb1 Ne5 24.Qf2 Be7 25.Nd4 Rg8 26.Nf3 Ng4 27.Nxg5 Nxf2 28.Rxf2 Rxg5 29.e5 Rxg3
30.Bxb7 Rxc3 31.Bf3 Rxf3 32.Rxf3 Bc6 33.Rxd8+ Bxd8 34.Rg3 h4 35.Rg8+ Kd7
36.Rf8 Be4 37.Rxf7+ Ke8 38.Ra7 a5 39.Rg7 h3 40.Rg8+ Kd7 41.Rh8 Bg2 42.Rh5 Bb6  0-1

[Event "TCh-SLO"]
[Site "Celje SLO"]
[Date "2003.11.17"]
[Round "1"]
[White "Pavlovic,Mi"]
[Black "Ribli,Z"]
[Result "1-0"]
[WhiteElo "2593"]
[BlackElo "2593"]

1.e4 c5 2.Nf3 e6 3.d4 cxd4 4.Nxd4 Nc6 5.Nc3 Qc7 6.Be2 a6 7.O-O Nf6 8.Be3 Be7
9.f4 d6 10.a4 O-O 11.Kh1 Re8 12.Bf3 Bd7 13.Nb3 b6 14.g4 Bc8 15.g5 Nd7 16.Bg2 Bf8
17.Qe2 Bb7 18.Rf3 Nb4 19.Rh3 g6 20.Qf2 Bg7 21.Rf1 Rad8 22.Bd4 Bxd4 23.Nxd4 Qc5  1-0

[Event "TCh-ESP Final"]
[Site "Sanxenxo ESP"]
[Date "2003.11.17"]
[Round "1"]
[White "Perez Candelario,Man"]
[Black "Andersson,U"]
[Result "1/2-1/2"]
[WhiteElo "2463"]
[BlackElo "2566"]

1.e4 c5 2.Nf3 e6 3.d4 cxd4 4.Nxd4 Nc6 5.Nc3 a6 6.Be2 d6 7.O-O Nf6 8.Be3 Be7
9.f4 O-O 10.Qe1 e5 11.Nxc6 bxc6 12.fxe5 dxe5 13.Kh1 Be6 14.Bd3 Nd7 15.Qe2 Bc5
16.Na4 Bxe3 17.Qxe3 Qa5 18.b3 Qb4 19.c3 Qa3 20.h3 a5 21.Qf2 h6 22.Rad1 Qe7
23.Rd2 Rfd8 24.Rfd1 Nf6 25.Qc5 Qc7 26.Qb6 Qxb6 27.Nxb6 Rab8 28.Na4 Kf8 29.Nc5 Ke7
30.Kg1 Nd7 31.Nxe6 fxe6 32.Kf2 Nb6 33.Be2 Rxd2 34.Rxd2 c5 35.Rd3 c4 36.Rg3 cxb3
37.axb3 g5 38.h4 Nd7 39.hxg5 Nc5 40.Rh3 hxg5 41.Bc4 Nxe4+ 42.Ke2 Nf6 43.Rh1 Rc8
44.Ra1 Rc5 45.Kd3 Kd6 46.Rh1 e4+ 47.Kd4 e5+ 48.Ke3 a4 49.Kd2 axb3 50.Bxb3 Rb5
51.Kc2 e3 52.Rd1+ Ke7 53.Re1 e4 54.Rxe3 Kd6 55.Re1 Rf5 56.Re2 g4 57.c4 g3
58.Kc3 Rf2 59.Kd2  1/2-1/2

[Event "Fakel Jamala"]
[Site "Noyabrsk RUS"]
[Date "2003.11.18"]
[Round "1"]
[White "Reutsky,S"]
[Black "Kuznetsov,Vi2"]
[Result "1/2-1/2"]
[WhiteElo "2341"]
[BlackElo "2367"]

1.e4 c5 2.Nf3 Nc6 3.Nc3 e6 4.d4 cxd4 5.Nxd4 d6 6.g3 Nf6 7.Bg2 Be7 8.O-O Bd7
9.Re1 O-O 10.Ndb5 Qb8 11.Bf4 Ne5 12.a4 a6 13.Nd4 Qc7 14.Qe2 Nc4 15.b3 Na5
16.Bd2 Rac8 17.Na2 Rfd8 18.Qd3 Nc6 19.c4 Be8 20.Nc3 Ng4 21.Nxc6 bxc6 22.Qe2 Ne5
23.f4 Nd7 24.Be3 c5 25.Rab1 Nb8 26.Qf2 Nc6 27.Ne2 Rb8 28.Red1 Na5 29.f5 Rxb3
30.Rxb3 Nxb3 31.Nf4 Bd7 32.Bh3 Qc8 33.fxe6 Bxe6 34.Nxe6 fxe6 35.e5 dxe5 36.Rxd8+ Bxd8
37.Qe2 Qd7 38.Qg4 Bf6 39.Qxe6+ Qxe6 40.Bxe6+ Kf8 41.Bc8 a5 42.Kf2 Ke7 43.Ke2 h6
44.Kd3 Bg5 45.Bf2 Kd6 46.h4 Bf6 47.Be3 Nd4 48.Bxd4 cxd4 49.h5 Kc5 50.Ba6 Kb4
51.Bb5 Be7 52.g4 Kb3 53.Bc6 Bd6 54.c5 Bxc5 55.Ke4  1/2-1/2

[Event "TCh-ESP Final"]
[Site "Sanxenxo ESP"]
[Date "2003.11.18"]
[Round "2"]
[White "Tiviakov,S"]
[Black "De la Riva Aguado,O"]
[Result "1/2-1/2"]
[WhiteElo "2601"]
[BlackElo "2549"]

1.e4 c5 2.Nf3 Nc6 3.d4 cxd4 4.Nxd4 e6 5.Nc3 Qc7 6.g3 a6 7.Bg2 d6 8.O-O Bd7
9.a4 Nf6 10.Nxc6 Bxc6 11.Be3 Be7 12.a5 O-O 13.Bb6 Qb8 14.Re1 Nd7 15.Bd4 Bf6
16.Bxf6 Nxf6 17.Na4 Qc7 18.Nb6 Rad8 19.c4 Nd7 20.Nd5 exd5 21.exd5 Ne5 22.dxc6 bxc6
23.b3 Rb8 24.f4 Nd7 25.Re7 Rbe8 26.Qe2 Qa7+ 27.Kh1 Rxe7 28.Qxe7 Qd4 29.Re1 Qd2
30.Re2 Qd1+ 31.Re1 Qd2 32.Rf1 Nf6 33.Qe1 Qb2 34.Qd1 d5 35.cxd5 cxd5 36.Bxd5 Nxd5
37.Qxd5 h6 38.Re1 Rc8 39.Qd7 Rf8 40.Re8 Qa1+ 41.Kg2 Qxa5 42.f5 Qc5 43.Kh3 a5  1/2-1/2

[Event "13th WSen"]
[Site "Bad Zwischenahn GER"]
[Date "2003.11.19"]
[Round "3"]
[White "Sanakoev,G"]
[Black "Batakovs,O"]
[Result "1-0"]
[WhiteElo "2313"]
[BlackElo "2141"]

1.e4 c5 2.Nf3 e6 3.d4 cxd4 4.Nxd4 Nc6 5.Nc3 Qc7 6.g3 a6 7.Bg2 Nf6 8.O-O d6
9.Re1 Bd7 10.Nxc6 Bxc6 11.Nd5 Qd8 12.Bg5 Be7 13.Nxe7 Qxe7 14.e5 dxe5 15.Bxc6+ bxc6
16.Rxe5 O-O 17.Qf3 Rab8 18.b3 Rb5 19.Rae1 h6 20.Bxf6 Qxf6 21.Qxf6 gxf6 22.R5e4 Rd8
23.Rc4 Rd6 24.Re3 Re5 25.Rxe5 fxe5 26.Kf1 f5 27.Ke2 Kf7 28.Rc5 Kf6 29.Ra5 c5
30.Rxc5 e4 31.a4 Kg5 32.b4 Kg4 33.b5 Rd4 34.c4 axb5 35.axb5 Rd3 36.b6  1-0

[Event "TCh-SLO"]
[Site "Celje SLO"]
[Date "2003.11.19"]
[Round "4"]
[White "Sakelsek,T"]
[Black "Gjuran,D"]
[Result "1/2-1/2"]
[WhiteElo "2339"]
[BlackElo "2251"]

1.e4 c5 2.Nf3 e6 3.d4 cxd4 4.Nxd4 Nc6 5.Nc3 Qc7 6.Be3 a6 7.Bd3 Nf6 8.O-O b5
9.Nb3 Bb7 10.f4 d6 11.Qf3 Be7 12.Qh3 O-O 13.f5 exf5 14.Qxf5 Ne5 15.Bd4 Nfd7
16.Nd5 Bxd5 17.exd5 g6 18.Qh3 Nb6  1/2-1/2

[Event "TCh-ESP Final"]
[Site "Sanxenxo ESP"]
[Date "2003.11.19"]
[Round "3"]
[White "Perez Candelario,Man"]
[Black "Oms Pallise,J"]
[Result "1/2-1/2"]
[WhiteElo "2463"]
[BlackElo "2498"]

1.e4 c5 2.Nf3 Nc6 3.Nc3 e6 4.d4 cxd4 5.Nxd4 Qc7 6.Be2 a6 7.O-O Nf6 8.a3 Be7
9.Be3 O-O 10.f4 d6 11.Qe1 Bd7 12.Qg3 Nxd4 13.Bxd4 Bc6 14.Rae1 b5 15.Bd3 Qb7
16.e5 dxe5 17.fxe5 Nh5 18.Qh3 g6 19.Ne4 Bxe4 20.Bxe4 Qd7 21.Rd1 Rad8 22.g4 Qxd4+
23.Rxd4 Rxd4 24.Qf3 Ng7 25.Rd1 Rxd1+ 26.Qxd1 Rd8 27.Qf3 h5 28.h3 hxg4 29.hxg4 Rd4
30.Bd3 Rd5 31.Qe4 a5 32.b4 axb4 33.axb4 Bd8 34.Qe2 Bc7 35.Bxb5 Rxe5 36.Qc4 Bd6
37.Bc6 Kf8 38.Kf1 Ke7 39.Qd4 f5 40.c4 fxg4 41.c5 Rf5+ 42.Ke2 Be5 43.Qxg4 Nh5
44.Kd3 Kf7 45.Be4 Nf6 46.Qg2 Nxe4 47.Qxe4 Kf6 48.b5 Rf4 49.Qb7  1/2-1/2

[Event "TCh-SLO"]
[Site "Celje SLO"]
[Date "2003.11.20"]
[Round "5"]
[White "Crepan,M"]
[Black "Gostisa,L"]
[Result "0-1"]
[WhiteElo "2286"]
[BlackElo "2420"]

1.e4 c5 2.Nf3 Nc6 3.Nc3 e6 4.d4 cxd4 5.Nxd4 Qc7 6.Be2 a6 7.O-O Nf6 8.Kh1 Be7
9.f4 d6 10.Be3 O-O 11.Qe1 Bd7 12.Rd1 Rac8 13.Qg3 Kh8 14.Nb3 b5 15.e5 dxe5
16.fxe5 Nd5 17.Nxd5 exd5 18.Nc5 Be8 19.Qh3 Nxe5 20.Rxd5 f6 21.Ne6 Bd7 22.Bd3 g6
23.Nxc7 Bxh3 24.gxh3 Rxc7 25.Bf4 Rd7 26.Rxd7 Nxd7 27.Re1 Rf7 28.c3 Kg7 29.Bc2 Bc5
30.b4 Re7 31.Rd1 Bf2 32.Kg2 Be1 33.Rd3 g5 34.Bc7 Nf8 35.Kf1 Rxc7 36.Kxe1 Ng6
37.a4 Nf4 38.Rg3 h6  0-1

[Event "TCh-SLO"]
[Site "Celje SLO"]
[Date "2003.11.21"]
[Round "6"]
[White "Mihevc,I"]
[Black "Gjuran,D"]
[Result "0-1"]
[WhiteElo "2220"]
[BlackElo "2251"]

1.e4 c5 2.Nf3 e6 3.d4 cxd4 4.Nxd4 Nc6 5.Nc3 Qc7 6.f4 Nxd4 7.Qxd4 a6 8.Be3 b5
9.e5 Ne7 10.Qd3 Bb7 11.Ne4 Nd5 12.Bd2 Rc8 13.c3 Qc6 14.Ng3 Nb6 15.b3 Nd5
16.Ne2 Bc5 17.O-O-O O-O 18.Kb2 f5 19.h4 b4 20.c4 Nb6 21.Ng3 a5 22.Rh3 a4
23.Nh5 axb3 24.axb3 Ra8 25.Rg3 Rf7 26.Ra1 Qc8 27.Rxa8 Qxa8 28.Qb1 Be4 29.Bd3 Bxg2
30.Qa2 Qxa2+ 31.Kxa2 Bc6 32.Be3 Bxe3 33.Rxe3 Kh8 34.Kb2 Na8 35.Re1 Nc7 36.Ra1 Rf8
37.Ra7 Rc8 38.Ng3 Ne8 39.Ne2 Ra8 40.Rxa8 Bxa8 41.Nd4 Nc7 42.Nc2 Na6 43.Kc1 Nc5
44.Nxb4 Nxb3+ 45.Kc2 Nd4+ 46.Kc3 Nf3 47.h5 g5 48.hxg6 hxg6 49.Na6 g5 50.fxg5 Nxe5
51.Kd4 Nxd3 52.Kxd3 e5 53.Nc5 Bc6 54.Ke3 f4+ 55.Kf2 e4 56.Nb3 Kg7 57.Nd4 Kg6  0-1

[Event "7th Cup GM"]
[Site "Paks HUN"]
[Date "2003.11.23"]
[Round "5"]
[White "Kulaots,K"]
[Black "Nevednichy,V"]
[Result "1/2-1/2"]
[WhiteElo "2530"]
[BlackElo "2575"]

1.e4 c5 2.Nf3 Nc6 3.d4 cxd4 4.Nxd4 e6 5.Nc3 Qc7 6.Be2 Nf6 7.O-O Be7 8.Kh1 O-O
9.f4 d6 10.Be3 Nxd4 11.Qxd4 a6 12.a4  1/2-1/2

[Event "Open Bali A"]
[Site "Benidorm ESP"]
[Date "2003.11.24"]
[Round "5"]
[White "Torres Samper,R"]
[Black "Ortells Perez,V"]
[Result "0-1"]
[WhiteElo "2119"]
[BlackElo "2201"]

1.e4 c5 2.Nf3 e6 3.d4 cxd4 4.Nxd4 Nc6 5.Nc3 Qc7 6.Nb3 Nf6 7.Bd3 a6 8.O-O b5
9.a3 Bb7 10.f4 d6 11.Qe2 Be7 12.Bd2 O-O 13.Rae1 b4 14.axb4 Nxb4 15.Kh1 Nxd3
16.Qxd3 Rfd8 17.f5 e5 18.Nd5 Nxd5 19.exd5 Rdc8 20.f6 Bxf6 21.Rxf6 gxf6 22.Nd4 exd4
23.Qg3+ Kh8 24.Bh6 Rg8 25.Qf3 Rg6  0-1

[Event "Open Bali A"]
[Site "Benidorm ESP"]
[Date "2003.11.25"]
[Round "6"]
[White "Lopez Pereyra,A"]
[Black "Queimadelos Garcia,V"]
[Result "0-1"]
[WhiteElo "2159"]
[BlackElo "2101"]

1.e4 c5 2.Nf3 Nc6 3.d4 cxd4 4.Nxd4 e6 5.Nc3 Qc7 6.Be2 a6 7.O-O Nf6 8.Kh1 Bb4
9.Bg5 Bxc3 10.Bxf6 gxf6 11.bxc3 Ne7 12.c4 d6 13.f4 Bd7 14.Rb1 O-O-O 15.Qe1 Qc5
16.Qc3 e5 17.Nb3 Qc7 18.fxe5 dxe5 19.Rxf6 Be6 20.c5 Nc6 21.Bc4 Qe7 22.Rbf1 Kb8
23.R6f3 Nd4 24.Nxd4 exd4 25.Qb3 Bxc4 26.Qxc4 Qxe4 27.c6 Qxc6 28.Qxc6 bxc6
29.Rxf7 d3 30.cxd3 Rxd3 31.Rb1+ Kc8 32.g3 Rd2 33.Rfb7 Rd1+ 34.Kg2 Rxb1 35.Rxb1 Kc7
36.g4 Rd8 37.Rb2 Rd3 38.Rf2 c5 39.h4 Kb6 40.g5 c4 41.Kf1 c3 42.Ke1 Kc5 43.Rf7 Kb4
44.Rf2 Rh3 45.Kd1 Rxh4 46.Kc2 Rg4 47.Rh2 a5 48.Rxh7 Rg2+ 49.Kb1 Rb2+ 50.Kc1 Rxa2
51.Rh4+ Kb3 52.Kd1 Ra1+ 53.Ke2 c2  0-1

[Event "7th Cup GM"]
[Site "Paks HUN"]
[Date "2003.11.25"]
[Round "7"]
[White "Kulaots,K"]
[Black "Sriram,J"]
[Result "1/2-1/2"]
[WhiteElo "2530"]
[BlackElo "2458"]

1.e4 c5 2.Nf3 e6 3.d4 cxd4 4.Nxd4 Nc6 5.Nc3 Qc7 6.Be2 a6 7.O-O Nf6 8.Kh1 Nxd4
9.Qxd4 Bc5 10.Qd3 b5 11.f4 Bb7 12.Bf3 h5 13.e5 Ng4 14.Bxb7 Qxb7 15.Ne4 Rc8
16.Bd2 Be7 17.a3 Rc4 18.Rae1 Qd5 19.Bc3 Qxd3 20.cxd3 Rc6 21.f5 exf5 22.Rxf5 O-O
23.Rxh5 g6 24.Rh3 Re6 25.Kg1 Nxe5 26.d4 d5 27.dxe5 dxe4 28.Rxe4 Bc5+ 29.Kf1 f6
30.Rf3 Bd6 31.Ref4 fxe5  1/2-1/2

[Event "IM"]
[Site "Varazdin CRO"]
[Date "2003.11.28"]
[Round "13"]
[White "Orak,L"]
[Black "Fancsy,I"]
[Result "1/2-1/2"]
[WhiteElo "2285"]
[BlackElo "2409"]

1.e4 c5 2.Nf3 Nc6 3.d4 cxd4 4.Nxd4 e6 5.Nc3 Qc7 6.Be2 a6 7.O-O Nf6 8.Be3 Be7
9.f4 d6 10.a4 O-O 11.Kh1 Bd7 12.Nb3 b6 13.Bf3 Rab8 14.Qe2 Bc8 15.Rad1 Na5  1/2-1/2

[Event "TCh-SWE 2003-4"]
[Site "Malmo SWE"]
[Date "2003.11.29"]
[Round "4"]
[White "Furhoff,J"]
[Black "Dzevlan,M"]
[Result "1-0"]
[WhiteElo "2338"]
[BlackElo "2382"]

1.e4 c5 2.Nf3 e6 3.d4 cxd4 4.Nxd4 Nc6 5.Nc3 Qc7 6.Be3 Nf6 7.Bd3 a6 8.O-O Bd6
9.Nxc6 dxc6 10.f4 e5 11.f5 b5 12.Qf3 h5 13.h3 Nd7 14.Qg3 Kf8 15.a4 b4 16.Nb1 Bc5
17.Bxc5+ Nxc5 18.Nd2 h4 19.Qf2 Nd7 20.Kh1 a5 21.Nf3 Qd8 22.Rad1 Qe7 23.Bc4 Rh6
24.Rd2 Qc5 25.Rxd7  1-0

[Event "VIII Mirko Srajber Mem"]
[Site "Subotica SCG"]
[Date "2003.11.29"]
[Round "2"]
[White "Popovic,Du"]
[Black "Markus,R"]
[Result "1/2-1/2"]
[WhiteElo "2448"]
[BlackElo "2522"]

1.e4 c5 2.Nf3 e6 3.d4 cxd4 4.Nxd4 Nc6 5.Nc3 Qc7 6.g3 a6 7.Bg2 Nf6 8.O-O Bc5
9.Bf4 e5 10.Nxc6 dxc6 11.Bg5 Be7  1/2-1/2

[Event "Open"]
[Site "Santo Domingo DOM"]
[Date "2003.11.30"]
[Round "4"]
[White "Zapata,A"]
[Black "Bruzon,L"]
[Result "0-1"]
[WhiteElo "2472"]
[BlackElo "2603"]

1.e4 c5 2.Nf3 e6 3.d4 cxd4 4.Nxd4 Nc6 5.Nc3 Qc7 6.Be2 Nf6 7.O-O a6 8.Kh1 Be7
9.f4 d6 10.Be3 O-O 11.Qe1 Nxd4 12.Bxd4 b5 13.a3 Bb7 14.Qg3 Bc6 15.Rae1 Rae8
16.Bd3 e5 17.fxe5 Nh5 18.Qh3 dxe5 19.Be3 Nf4 20.Bxf4 exf4 21.e5 g6 22.Qh6 f3
23.gxf3 Bc5 24.Qf4 f6 25.Qg3 Kh8 26.Be4 Bxe4 27.fxe4 Rxe5 28.Nd5 Qd6 29.Qc3 Kg7
30.Rd1 Rxe4 31.Nxf6 Rd4 32.Ne4 Rxf1+ 33.Rxf1 Qd5 34.Qxc5 Qxe4+ 35.Kg1 Kh6
36.Qf8+ Kh5 37.Qf2 Rd5 38.Qf3+ Qxf3 39.Rxf3 Rd1+ 40.Kg2 Rd2+ 41.Rf2 Rxf2+
42.Kxf2 Kg4 43.b3 Kf4 44.Ke2 Ke4 45.Kd2 g5 46.c3 g4 47.c4 bxc4 48.b4 h5 49.h4 Ke5  0-1

[Event "Kurent Women"]
[Site "Ptuj SLO"]
[Date "2003.12.01"]
[Round "3"]
[White "Krivec,J"]
[Black "Todorovic,V"]
[Result "1-0"]
[WhiteElo "2313"]
[BlackElo "2125"]

1.e4 c5 2.Nf3 e6 3.d4 cxd4 4.Nxd4 Nc6 5.Nc3 d6 6.g3 a6 7.Bg2 Qc7 8.O-O Nf6
9.Re1 Rb8 10.Nxc6 bxc6 11.Na4 c5 12.c4 Be7 13.b3 O-O 14.Bb2 Nd7 15.f4 Bf6
16.Bxf6 Nxf6 17.Re3 Bb7 18.Nc3 Rfd8 19.Qe2 h6 20.Rd1 Bc6 21.Red3 Rd7 22.g4 Nh7
23.h4 Nf8 24.Qd2 Qd8 25.g5 hxg5 26.hxg5 Rbb7 27.Bf3 Ng6 28.Rxd6 e5 29.Bg4 Nxf4
30.Bxd7 Qxg5+ 31.Kf1 Qh4 32.Bg4 Qxg4 33.Rd8+ Kh7 34.Qh2+ Nh5 35.Kf2 Qg5 36.R8d6 Be8
37.Rg1 Qf4+ 38.Qxf4 exf4 39.Rxa6 f6 40.Rh1 Kg8 41.Ra8 Re7 42.Rxh5  1-0

[Event "VIII Mirko Srajber Mem"]
[Site "Subotica SCG"]
[Date "2003.12.01"]
[Round "4"]
[White "Parligras,M"]
[Black "Markus,R"]
[Result "1-0"]
[WhiteElo "2525"]
[BlackElo "2522"]

1.e4 c5 2.Nf3 e6 3.Nc3 Nc6 4.d4 cxd4 5.Nxd4 Qc7 6.Be3 a6 7.Qd2 Nf6 8.O-O-O Bb4
9.f3 Ne5 10.Nb3 b5 11.Kb1 Be7 12.Qf2 O-O 13.g4 d6 14.g5 Nfd7 15.h4 Bb7 16.a3 Nc4
17.Bxc4 Qxc4 18.h5 a5 19.Rhg1 b4 20.axb4 axb4 21.Rd4 Qc7 22.Rxb4 d5 23.Rd4 Nc5
24.exd5 Nxb3 25.cxb3 Bxd5 26.Nxd5 exd5 27.Ra4 Qd7 28.Qc2 Qb5 29.h6 Rac8 30.Qd1 Rfe8
31.hxg7 d4 32.Bxd4 Bxg5 33.Bc3 Bf6 34.Qc2 h5 35.Rc4 Bxc3 36.Qxc3 Rxc4 37.bxc4 Qf5+
38.Qc2 Qxf3 39.c5 Qe3 40.Rd1 Re5 41.Rc1 Qf3 42.c6 Re2 43.Qc5 Qe4+ 44.Ka2 Qe6+
45.Ka1 Kxg7 46.Rg1+  1-0